LEADER 00776nas a2200205 i 4500 001 000000237601 003 CaOOAMICUS 005 20150105000000.0 008 150105b1999 it uu u0 0ita r 013 $a216506 040 $aSeMil$bita 245 10$a1999 :$baprile. [4 aprile-23 maggio]. 260 $aBrescia :$bQueriniana,$c1999. 300 $a169 p. ;$c22 cm. 773 0 $tServizio della Parola.$dBrescia : Queriniana, 1968.$w()3162 774 0 $tVivere da figli di Dio. - Titolo del dossier.$w()283411 850 $aSeMil 852 $aSeMil$W1$xVenegono$y1$m40 6 306$j187947$B187947$CSeMilBibl$Z2$F198871 $85 996 $6245$a1999 :$baprile. [4 aprile-23 maggio]$9(OLS)http://semarc/title/338649 996 $6260$aBrescia :$bQueriniana$9(OLS)http://semarc/publisher/29615 LEADER 01505nam a2200289 i 4500 001 000000054587 003 CaOOAMICUS 005 20191126153020.0 008 030320s1993 it u000 u ita u 013 $a25759 040 $aSeMil$bita 100 1 $aOrlando, Vito <1944->.$0(OLS)http://semarc/name/27212 245 10$aCambio sociale e identità religiosa :$bindagine socio-religiosa nella diocesi di Potenza-Muro-Marsico /$cVito Orlando, Marianna Pacucci. 260 $aBari :$bCentro pedagogico salesiano meridionale,$cstampa 1993. 300 $a245 p. :$bill. ;$c24 cm. 500 $aContiene : [3] Appendici. 650 4$aSinodi diocesani - Potenza-Muro-Marsico.$0(OLS)http://semarc/subject/11197 700 1 $aPacucci, Marianna.$0(OLS)http://semarc/name/27214 700 1 $aSinodo Diocesano <1990-1992 ; Potenza>.$0(OLS)http://semarc/name/27213 710 1 $aArcidiocesi di Potenza-Muro-Marsico.$0(OLS)http://semarc/name/6034 773 0 $aArcidiocesi di Potenza-Muro-Marsico$tSinodo diocesano.$dPotenza : Curia Arcivescovile, stampa 1993.$g2$w()12659 850 $aSeMil 852 $aSeMil$W1$xVenegono$y1$m2J III 40$j20741$B20741$CSeMilBibl$Z2$F20743 $81 961 $aOmaggio: Martini Card. Carlo Maria 996 $6245$aCambio sociale e identità religiosa :$bindagine socio-religiosa nella diocesi di Potenza-Muro-Marsico$9(OLS)http://semarc/title/84519 996 $6260$aBari :$bCentro pedagogico salesiano meridionale$9(OLS)http://semarc/publisher/41748